| 000 | 00732nam a2200241 i 4500 | ||
|---|---|---|---|
| 001 | 106381 | ||
| 003 | ES-MaACL | ||
| 005 | 20230906184129.0 | ||
| 007 | t| | ||
| 008 | 061106s1989 po ||||1| por d | ||
| 080 | _a94(469) | ||
| 100 | 1 |
_aGarcia, José Manuel ( _d1956-) _954050 |
|
| 245 | 1 | 0 |
_aHistória de Portugal _b: uma visâo global / _cJosé Manuel Garcia. |
| 250 | _a4ª ed. | ||
| 260 |
_aLisboa : _bPresença, _c1989. |
||
| 300 |
_a334 p., [8] p. de fot. ; _c21 cm. |
||
| 490 | 1 |
_aTexos de apoio ; _v5 |
|
| 500 | _aBiblioteca Jacinto Martínez Lacalle. | ||
| 651 | 4 |
_aPortugal- _xHistoria. _96241 |
|
| 830 | 0 |
_aTexos de apoio ; _v5 _9232839 |
|
| 852 |
_aES-MaACL _jE-11373 _bR.139102 |
||
| 999 |
_c106381 _d106381 |
||